Introduction to Japanese law / (Record no. 16683)

000 -LEADER
fixed length control field 00524cam a2200181 i 4500
020 ## - INTERNATIONAL STANDARD BOOK NUMBER
ISBN 0860081605
040 ## - CATALOGING SOURCE
Transcribing agency DLC
041 1# - LANGUAGE CODE
Language code of original and/or intermediate translations of text fre
082 00 - DEWEY DECIMAL CLASSIFICATION NUMBER
Classification number 340 DIS 1976 A107 Or.
100 1# - MAIN ENTRY--AUTHOR NAME
Personal name Noda, Yoshiyuki,
245 10 - TITLE STATEMENT
Title Introduction to Japanese law /
260 ## - PUBLICATION, DISTRIBUTION, ETC. (IMPRINT)
Place of publication [Tokyo] :
Name of publisher University of Tokyo Press ;
Place of publication Forest Grove, Or. :
Name of publisher distributed by ISBS,
Year of publication c1976.
300 ## - PHYSICAL DESCRIPTION
Number of Pages xiv, 253 p. ;
Dimensions 24 cm.
500 ## - GENERAL NOTE
General note Adapted translation of Introduction au droit japonais.
650 #0 - SUBJECT ADDED ENTRY--TOPICAL TERM
Topical Term Law
700 1# - ADDED ENTRY--PERSONAL NAME
Personal name Angelo, A. H.
942 ## - ADDED ENTRY ELEMENTS (KOHA)
Koha item type សៀវភៅភាសាអង់គ្លេស
952 ## - LOCATION AND ITEM INFORMATION (KOHA)
Withdrawn status [LOCAL, KOHA] 0
Holdings
Permanent Location Date acquired Koha item type Lost status Shelving location Barcode Current Location Full call number
Library Block A2018-03-23សៀវភៅភាសាអង់គ្លេស A108A15847Library Block A340 DIS 1976 A108 Or.
មជ្ឈមណ្ឌលឯការនៃសាកលវិទ្យាល័យភូមិន្ទកសិកម្មចំការដូង

Powered by Koha